[Event "Tournoi francophone 014 Groupe C"]
[Site "Skype"]
[Date "????.??.??"]
[Round "7.1"]
[White "Duthoit, Bernard"]
[Black "Briere, Jean"]
[Result "1-0"]
[WhiteElo "1379"]
[BlackElo "1435"]
[PlyCount "89"]

1. e4 e5 2. Nf3 Nc6 3. Bb5 d6 4. Bxc6+ bxc6 5. O-O Nf6 6. Nc3 Bg4 7. h3 Bh5 8.
d3 h6 9. Be3 d5 10. exd5 cxd5 11. Ne2 Bxf3 12. gxf3 e4 13. fxe4 dxe4 14. d4 Nd5
15. Qd2 Bd6 16. Ng3 Bxg3 17. fxg3 O-O 18. c4 Nxe3 19. Qxe3 f5 20. d5 Qf6 21. b3
c6 22. Rad1 Rfd8 23. dxc6 Rxd1 24. Rxd1 Qxc6 25. Rd5 g6 26. Qxh6 Rf8 27. Qd2
Qc7 28. Qf4 Qb6+ 29. c5 Qb4 30. Qd2 Qxd2 31. Rxd2 e3 32. Rc2 Rd8 33. Kf1 Kf8
34. Ke2 Rd2+ 35. Rxd2 exd2 36. Kxd2 Ke7 37. b4 Kd7 38. b5 g5 39. a4 Kc7 40. Kd3
Kd7 41. Kd4 Ke6 42. c6 Kd6 43. Kc4 f4 44. gxf4 gxf4 45. Kd4 1-0

[Event "Tournoi francophone 014 Groupe C"]
[Site "Skype"]
[Date "????.??.??"]
[Round "7.2"]
[White "Bucherie, Volcy"]
[Black "Ambrosino, Theo"]
[Result "0-1"]
[WhiteElo "1336"]
[BlackElo "1339"]
[PlyCount "74"]

1. d4 Nf6 2. g3 e6 3. Bg2 d5 4. c4 c6 5. cxd5 cxd5 6. Nc3 Nc6 7. e3 b6 8. e4
Bb4 9. a3 Bxc3+ 10. bxc3 Nxe4 11. c4 Bb7 12. cxd5 exd5 13. Ne2 O-O 14. O-O h6
15. Bb2 Nf6 16. Rc1 Na5 17. Qa4 Rb8 18. Bc3 Bc6 19. Qc2 Nc4 20. Bb4 Re8 21. Nc3
a5 22. Nxd5 Bxd5 23. Bxd5 Qxd5 24. Qc3 Rbc8 25. Rfd1 Ne4 26. Qb3 axb4 27. Qxb4
Ned6 28. a4 Rc6 29. Qb3 Rec8 30. h4 Ne4 31. Kf1 Ned2+ 32. Rxd2 Nxd2+ 33. Ke2
Nxb3 34. Rxc6 Nxd4+ 35. Kd3 Nxc6+ 36. Ke3 Re8+ 37. Kf4 Qe4# 0-1

[Event "Tournoi francophone 014 Groupe C"]
[Site "Skype"]
[Date "????.??.??"]
[Round "7.3"]
[White "Gerbaux, Regis"]
[Black "Farfallini, Michel"]
[Result "1-0"]
[WhiteElo "1073"]
[BlackElo "1446"]
[PlyCount "25"]

1. d4 d5 2. Bf4 e6 3. e3 Bd6 4. Bg3 Nf6 5. Nf3 O-O 6. Nbd2 Nc6 7. c3 Re8 8. Ne5
Bd7 9. Bd3 Nb8 10. Qc2 Bc6 11. Bh4 Nbd7 12. Bxh7+ Kh8 13. Nxf7# 1-0

[Event "Tournoi francophone 014 Groupe C"]
[Site "Skype"]
[Date "????.??.??"]
[Round "7.4"]
[White "Couto, Januario"]
[Black "Ortiz, Vladimir"]
[Result "0-1"]
[WhiteElo "1387"]
[BlackElo "1419"]
[PlyCount "28"]

1. e4 c5 2. c3 e6 3. Nf3 g6 4. d4 cxd4 5. cxd4 Bg7 6. Bc4 Ne7 7. O-O d5 8. exd5
Nxd5 9. Nc3 Nxc3 10. bxc3 O-O 11. Bf4 Nc6 12. Ne5 Nxe5 13. Bxe5 Bxe5 14. dxe5
Qc7 0-1

[Event "Tournoi francophone 014 Groupe C"]
[Site "Skype"]
[Date "????.??.??"]
[Round "7.5"]
[White "L'Herbon De Lussats, Jean"]
[Black "Scata, Laura"]
[Result "1-0"]
[WhiteElo "1272"]
[BlackElo "1366"]
[PlyCount "69"]

1. d4 Nf6 2. c4 g6 3. g3 Bg7 4. Bg2 d6 5. e4 O-O 6. Be3 Nbd7 7. Qd2 Re8 8. Bh6
Bh8 9. Nh3 Ng4 10. Bf4 e5 11. Bg5 Ngf6 12. d5 Nb6 13. b3 Bxh3 14. Bxh3 Nxe4 15.
Bxd8 Nxd2 16. Nxd2 Raxd8 17. Ne4 f5 18. Ng5 e4 19. Rd1 Nd7 20. g4 Bf6 21. Ne6
Rxe6 22. dxe6 Nc5 23. gxf5 gxf5 24. Bxf5 Rf8 25. Ke2 Be7 26. Rhg1+ Kh8 27. Bh3
Bh4 28. Rg2 Rf3 29. Bg4 Rf4 30. f3 Nxe6 31. Ke3 exf3 32. Bxf3 b6 33. Rdg1 Rf8
34. Bd5 Nf4 35. Rg8+ 1-0

[Event "Tournoi francophone 014 Groupe C"]
[Site "Skype"]
[Date "????.??.??"]
[Round "8.1"]
[White "Briere, Jean"]
[Black "Scata, Laura"]
[Result "1/2-1/2"]
[WhiteElo "1435"]
[BlackElo "1366"]
[PlyCount "70"]

1. e4 d6 2. d4 Nf6 3. Nc3 c6 4. Nf3 g6 5. Bd3 Bg7 6. e5 dxe5 7. dxe5 Nfd7 8.
Bf4 Qb6 9. Qc1 O-O 10. O-O Re8 11. Re1 Nc5 12. Be3 Bg4 13. Bxc5 Qxc5 14. Qe3
Nd7 15. Qxc5 Nxc5 16. Nd2 Rad8 17. f3 Nxd3 18. cxd3 Bf5 19. d4 Rxd4 20. Nb3
Rdd8 21. g4 Be6 22. Nc5 Bc8 23. Rad1 b6 24. Nd3 Ba6 25. Nb4 Bb7 26. f4 e6 27.
Ne4 Bf8 28. Nf6+ Kh8 29. Nxe8 Rxe8 30. Nc2 Bc5+ 31. Kg2 b5 32. b4 Bb6 33. Rd7
Ba8 34. Kg3 Kg7 35. g5 c5 1/2-1/2

[Event "Tournoi francophone 014 Groupe C"]
[Site "Skype"]
[Date "????.??.??"]
[Round "8.2"]
[White "Ortiz, Vladimir"]
[Black "L'Herbon De Lussats, Jean"]
[Result "1-0"]
[WhiteElo "1419"]
[BlackElo "1272"]
[PlyCount "111"]

1. e4 c5 2. Nf3 d6 3. d4 cxd4 4. Nxd4 a6 5. Bc4 Nf6 6. f3 e5 7. Ne2 Be7 8. Be3
O-O 9. Nbc3 Nbd7 10. Nd5 Nxd5 11. Bxd5 Nf6 12. Bb3 b5 13. O-O Bb7 14. Nc3 Rc8
15. Rc1 h6 16. Nd5 Nxd5 17. Bxd5 Bxd5 18. Qxd5 Qc7 19. c3 Qc6 20. Rfd1 Kh8 21.
Qxc6 Rxc6 22. g4 g6 23. Bxh6 Rg8 24. Kh1 g5 25. h4 f6 26. hxg5 fxg5 27. Kg2 Kh7
28. Rh1 Kg6 29. Rh5 Rcc8 30. Rd1 Rh8 31. Bxg5 Rxh5 32. Bxe7 Rh7 33. Rxd6+ Kf7
34. Bf6 Re8 35. g5 Rh5 36. Rxa6 Re6 37. Ra7+ Ke8 38. b3 Rd6 39. Re7+ Kf8 40.
Rxe5 Rd2+ 41. Kg3 Rdh2 42. Rxb5 R2h3+ 43. Kf2 Rh2+ 44. Ke3 R5h3 45. Rb7 Rg2 46.
a4 Rgg3 47. a5 Rxf3+ 48. Kd4 Rxc3 49. a6 Rxb3 50. a7 Ra3 51. Rb8+ Kf7 52. a8=Q
Rhd3+ 53. Ke5 Rxa8 54. Rxa8 Rd7 55. Kf5 Rd6 56. g6# 1-0

[Event "Tournoi francophone 014 Groupe C"]
[Site "Skype"]
[Date "????.??.??"]
[Round "8.3"]
[White "Farfallini, Michel"]
[Black "Couto, Januario"]
[Result "1/2-1/2"]
[WhiteElo "1446"]
[BlackElo "1387"]
[PlyCount "36"]

1. e4 d5 2. exd5 Qxd5 3. Nc3 Qd6 4. Nf3 c6 5. Be2 Nf6 6. d3 Bg4 7. O-O Nbd7 8.
Be3 e6 9. d4 Nd5 10. Ne4 Qc7 11. Qd2 Nxe3 12. Qxe3 Be7 13. Qd3 Nf6 14. Nxf6+
Bxf6 15. c3 O-O 16. Bd1 Rad8 17. Bc2 Bf5 18. Qe2 Bxc2 1/2-1/2

[Event "Tournoi francophone 014 Groupe C"]
[Site "Skype"]
[Date "????.??.??"]
[Round "8.4"]
[White "Ambrosino, Theo"]
[Black "Gerbaux, Regis"]
[Result "1-0"]
[WhiteElo "1339"]
[BlackElo "1073"]
[PlyCount "53"]

1. c4 c5 2. Nf3 d6 3. Nc3 Nf6 4. g3 Nbd7 5. Bg2 e5 6. e4 b6 7. d3 h6 8. a3 a5
9. O-O Be7 10. Bd2 Ba6 11. Rb1 Rb8 12. Qa4 O-O 13. Nh4 b5 14. cxb5 Bc8 15. Qc2
Ra8 16. a4 Nb6 17. b3 d5 18. exd5 Nbxd5 19. Ne4 Ra7 20. Nf3 Nb4 21. Bxb4 Nxe4
22. dxe4 cxb4 23. Nxe5 Rc7 24. Qe2 Re8 25. Rfd1 Bd6 26. Nc4 Rd7 27. Bh3 1-0

[Event "Tournoi francophone 014 Groupe C"]
[Site "Skype"]
[Date "????.??.??"]
[Round "8.5"]
[White "Duthoit, Bernard"]
[Black "Bucherie, Volcy"]
[Result "0-1"]
[WhiteElo "1379"]
[BlackElo "1336"]
[PlyCount "34"]

1. e4 c6 2. d4 d5 3. exd5 cxd5 4. c4 Nf6 5. Bg5 Bg4 6. Nf3 e6 7. Bxf6 Qxf6 8.
cxd5 exd5 9. Bb5+ Nc6 10. O-O a6 11. Bxc6+ bxc6 12. Re1+ Be7 13. Re3 O-O 14.
Qe1 Bd6 15. Ne5 Qh4 16. Nxg4 Qxg4 17. Qd1 Qxd1+ 0-1

[Event "Tournoi francophone 014 Groupe C"]
[Site "Skype"]
[Date "????.??.??"]
[Round "9.1"]
[White "Bucherie, Volcy"]
[Black "Briere, Jean"]
[Result "0-1"]
[WhiteElo "1336"]
[BlackElo "1435"]
[PlyCount "60"]

1. d4 d5 2. c4 Nf6 3. Nc3 Bf5 4. e3 e6 5. a3 Nc6 6. Nf3 Be7 7. Bd3 Bg6 8. O-O
dxc4 9. Bxc4 O-O 10. Ne5 Nxe5 11. dxe5 Ne4 12. Nxe4 Bxe4 13. Qd4 Bc6 14. Rd1 b6
15. Qg4 Qc8 16. Bd2 Rd8 17. Bb4 Bxb4 18. axb4 Rxd1+ 19. Rxd1 Qe8 20. b5 Bb7 21.
Rc1 Rc8 22. Ra1 Ra8 23. Rc1 c5 24. bxc6 Qxc6 25. b3 b5 26. h3 bxc4 27. Rxc4 Qd5
28. Rb4 Rc8 29. Ra4 Qxe5 30. Rxa7 Rc1+ 0-1

[Event "Tournoi francophone 014 Groupe C"]
[Site "Skype"]
[Date "????.??.??"]
[Round "9.2"]
[White "Gerbaux, Regis"]
[Black "Duthoit, Bernard"]
[Result "0-1"]
[WhiteElo "1073"]
[BlackElo "1379"]
[PlyCount "64"]

1. d4 d5 2. Nf3 e6 3. Bf4 c5 4. e3 cxd4 5. exd4 Nc6 6. c3 Nf6 7. Nbd2 a6 8. a4
Be7 9. g3 Bd6 10. Bg5 Be7 11. Bg2 h6 12. Bxf6 Bxf6 13. O-O Bd7 14. Ne5 Nxe5 15.
dxe5 Be7 16. f4 f6 17. Nf3 O-O 18. Qe2 Qb6+ 19. Kh1 Bc5 20. Nd2 Qxb2 21. Rab1
Qa3 22. Rxb7 Qxa4 23. exf6 Rxf6 24. Qe5 Qc6 25. Rb2 Bd6 26. Qd4 a5 27. Nc4 Qxc4
28. Qxc4 dxc4 29. Bxa8 Bc5 30. Rd2 Rf7 31. Rb2 a4 32. Rb7 Bc6+ 0-1

[Event "Tournoi francophone 014 Groupe C"]
[Site "Skype"]
[Date "????.??.??"]
[Round "9.3"]
[White "Couto, Januario"]
[Black "Ambrosino, Theo"]
[Result "1/2-1/2"]
[WhiteElo "1387"]
[BlackElo "1339"]
[PlyCount "71"]

1. e4 d5 2. Nc3 d4 3. Nce2 e5 4. Nf3 Bd6 5. h3 Nf6 6. Ng3 Nc6 7. Bc4 a6 8. c3
O-O 9. cxd4 exd4 10. d3 Bxg3 11. fxg3 Re8 12. Bg5 Ne5 13. Nxe5 Rxe5 14. Bf4 Re8
15. O-O h6 16. Rc1 c5 17. g4 Nd7 18. Bxh6 gxh6 19. Bxf7+ Kf8 20. Bxe8+ Kxe8 21.
Qf3 Qe7 22. Qf4 Ne5 23. Rfe1 Nxd3 24. Qxh6 Nxe1 25. Rxe1 Qf8 26. Qh5+ Qf7 27.
Qxc5 d3 28. Rf1 Qg8 29. Qh5+ Ke7 30. Qc5+ Ke8 31. Qe5+ Be6 32. Rf6 Ke7 33. Rf2
Rd8 34. Qc5+ Ke8 35. Qh5+ Ke7 36. Qc5+ 1/2-1/2

[Event "Tournoi francophone 014 Groupe C"]
[Site "Skype"]
[Date "????.??.??"]
[Round "9.4"]
[White "L'Herbon De Lussats, Jean"]
[Black "Farfallini, Michel"]
[Result "0-1"]
[WhiteElo "1272"]
[BlackElo "1446"]
[PlyCount "86"]

1. d4 d5 2. Nf3 Bf5 3. c4 e6 4. cxd5 exd5 5. g3 Nd7 6. Bg2 c6 7. O-O Bd6 8. Nh4
Bg6 9. Nd2 Be7 10. Ndf3 Bh5 11. Qc2 Ngf6 12. Re1 Ne4 13. Nd2 Nxd2 14. Bxd2 Bxh4
15. gxh4 Qxh4 16. e4 O-O 17. Be3 Nf6 18. e5 Bg6 19. Qb3 Ng4 20. Qxb7 Qxh2+ 21.
Kf1 Bd3+ 22. Re2 Bxe2+ 23. Kxe2 Qxg2 24. Qxc6 Rac8 25. Qa4 Qe4 26. Rd1 Rc2+ 27.
Rd2 Rxd2+ 28. Kxd2 Nxe5 29. Qb3 Nf3+ 30. Kd1 Qb1+ 31. Bc1 Re8 32. Qxf3 Rc8 33.
Qe3 Qc2+ 34. Ke1 Qxc1+ 35. Ke2 Rc2+ 36. Kf3 Qxe3+ 37. fxe3 Rxb2 38. e4 dxe4+
39. Kxe4 Rxa2 40. d5 Kf8 41. d6 Ke8 42. Kd5 Kd7 43. Kc5 Rb2 0-1

[Event "Tournoi francophone 014 Groupe C"]
[Site "Skype"]
[Date "????.??.??"]
[Round "9.5"]
[White "Scata, Laura"]
[Black "Ortiz, Vladimir"]
[Result "1/2-1/2"]
[WhiteElo "1366"]
[BlackElo "1419"]
[PlyCount "37"]

1. d4 e6 2. Nf3 Nf6 3. e3 a6 4. Bd3 d5 5. Nbd2 c5 6. c3 c4 7. Bc2 Be7 8. e4 Nc6
9. O-O O-O 10. exd5 exd5 11. Re1 Re8 12. Ne5 Nxe5 13. Rxe5 Bd6 14. Rxe8+ Qxe8
15. Nf3 Bd7 16. Bg5 Qe6 17. Qe1 Re8 18. Qxe6 Rxe6 19. Re1 1/2-1/2